Statistiques concernant Pays dont le drapeau est vert blanc rouge

Cliquez ici pour prendre le quiz!

Statistiques générales

  • Ce quiz a été pris 62 fois
  • Le résultat moyen est 4 sur 10

Statistiques - réponses

Pays % Correct
Italie
96%
Bulgarie
69%
Hongrie
69%
Iran
44%
Algérie
37%
Madagascar
35%
Liban
31%
Oman
25%
Burundi
19%
Maldives
13%

Distribution des résultats

Percentile par nombre de réponses

% des personnes avec chaque résultat

Votre développement - résultats

Vous n’avez pas pris ce quiz